The Future of Law : (Record no. 977)

MARC details
000 -LEADER
fixed length control field 00556nam a22001697a 4500
005 - DATE AND TIME OF INPUT
control field 20231127104007.0
008 - DATA ELEMENTS--GENERAL INFORMATION
fixed length control field 231127b |||||||| |||| 00| 0 eng d
020 ## - INTERNATIONAL STANDARD BOOK NUMBER
International Standard Book Number 0198764960
041 ## - LANGUAGE CODE
Language code of text English
082 ## - SHELF NUMBER
DDC number 340.1 SUS
100 ## - MAIN AUTHOR
Main author's name Susskind, R
Language of a work English
245 ## - TITLE STATEMENT
Title The Future of Law :
Sub-title Facing the Challenges of Information Technology /
Statement of responsibility, etc. R Susskind
260 ## - PUBLICATION, DISTRIBUTION, ETC.
Place of publication, distribution, etc. New York :
Name of publisher, distributor, etc. Oxford University Press Inc.
Date of publication, distribution, etc. 1996
300 ## - PHYSICAL DESCRIPTION
Other physical details lxvii, 309 pages ;
Dimensions 24 cm.
650 ## - SUBJECT`
Broad subject Legal practice
Own subject terms Law
942 ## - ADDED ENTRY ELEMENTS (KOHA)
Item type Books
942 ## - ADDED ENTRY ELEMENTS (KOHA)
-- ALISON_BN_VRIES
Holdings
Source of classification or shelving scheme Not for loan Collection code Home library Current library Shelving location Date acquired Full call number Barcode Price effective from Koha item type
Dewey Decimal Classification   TEXT BOOKS LAW SOCIETY OF NAMIBIA LIBRARY - WINDHOEK LAW SOCIETY OF NAMIBIA LIBRARY - WINDHOEK General Shelf 11/27/2023 340.1 SUS LSN/2017/8 11/27/2023 Books